| 000 | 01198nam a2200265 i 4500 | ||
|---|---|---|---|
| 003 | EG-ScBUE | ||
| 005 | 20231221105007.0 | ||
| 008 | 120419s1991 ly o f 000 0 ara d | ||
| 040 |
_aEG-ScBUE _bara _erda _cEG-ScBUE _dEG-ScBUE |
||
| 043 | _af-ly--- | ||
| 082 | 0 | 4 |
_a961.202 _bم ن ف _222 |
| 245 | 0 | 2 |
_aالمنفيون الليبيون إلى سجون الجزر الإيطالية : _bوثائق، أرقام، قوائم، صور / _cإعداد محمد عبد النبي دقالي [وأربعة آخرون] |
| 250 | _aالطبعة الثانية. | ||
| 264 | 1 |
_aطرابلس، ليبيا : _bمنشورات مركز دراسة جهاد الليبيين ضد الغزو الإيطالي ، _c1991. |
|
| 300 |
_a656 صفحة : _bصور ؛ _c24 سم. |
||
| 336 |
_2rdacontent _aنص _btxt |
||
| 337 |
_aبدون وسيط _2rdamedia _bn |
||
| 338 |
_aمجلد _bnc _2rdacarrier |
||
| 490 | 0 |
_aسلسلة نصوص ووثائق ؛ _v10 |
|
| 651 | 7 |
_929659 _aليبيا _xتاريخ _yالعصر الحديث _yالاحتلال الإيطالي 1911. _2BUEsh |
|
| 653 | _cApril2012 | ||
| 655 | _vReading book | ||
| 700 | 1 |
_929661 _aدقالي، محمد عبد النبي، _eمعد. |
|
| 942 |
_2ddc _cBB |
||
| 999 |
_c16663 _d16663 |
||